Library Logo

Pioneer International University Library Catalogue

Mizungu ya Manabii na Hadithi NyIngine (Record no. 9328)

MARC details
000 -LEADER
fixed length control field 00374nam a22001337a 4500
005 - DATE AND TIME OF LATEST TRANSACTION
control field 20250901165808.0
008 - FIXED-LENGTH DATA ELEMENTS--GENERAL INFORMATION
fixed length control field 250320b |||||||| |||| 00| 0 eng d
020 ## - INTERNATIONAL STANDARD BOOK NUMBER
International Standard Book Number 9966472525
050 ## - LIBRARY OF CONGRESS CALL NUMBER
Classification number PL 8704 .H23 2010
245 ## - TITLE STATEMENT
Title Mizungu ya Manabii na Hadithi NyIngine
Statement of responsibility, etc. John Habwe (Mhariri)
260 ## - PUBLICATION, DISTRIBUTION, ETC.
Place of publication, distribution, etc. Nairobi:
Name of publisher, distributor, etc. Phoenix,
Date of publication, distribution, etc. 2010.
300 ## - PHYSICAL DESCRIPTION
Extent 208 p.:
Other physical details ill.:
Dimensions 18 cm.
942 ## - ADDED ENTRY ELEMENTS (KOHA)
Source of classification or shelving scheme Library of Congress Classification
Holdings
Withdrawn status Lost status Source of classification or shelving scheme Damaged status Not for loan Collection Home library Current library Shelving location Date acquired Source of acquisition Total checkouts Full call number Barcode Date last seen Price effective from Koha item type Copy number
    Library of Congress Classification       Main Library Main Library   03/20/2025 Donation from KICD   PL 8704 .H33 2010 PIUD0000214 03/20/2025 03/20/2025 Books  
    Library of Congress Classification       Main Library Main Library   03/20/2025 Donation from KICD   PL 8704 .H33 2010 PIUD0000442 03/20/2025 03/20/2025 Books 2
    Library of Congress Classification       Main Library Main Library   03/20/2025 Donation from KICD   PL 8704 .H33 2010 PIUD0000443 03/20/2025 03/20/2025 Books 3